| 000 | 01049nam a2200145Ia 4500 | ||
|---|---|---|---|
| 008 | 240429s9999||||xx |||||||||||||| ||und|| | ||
| 041 | _aeng | ||
| 082 | _aPM/GPSNP/18 | ||
| 100 | _aParliament of Ghana | ||
| 245 | 0 |
_aJoint Parliamentary To Parliament By Minister For Finance Minister For Local Government And Rural Development & Ministry For Gender, Children And Social Protection On A Proposed SDR _3.1 Million Credit( Equivalent Of US _60.0 Million ) From The International Development Association (IDA) Of The World Bank Group To Finance The Proposed Ghana Productive Safety Net Project (GPSNP) |
|
| 300 | _a10p | ||
| 650 |
_aJoint Parliamentary To Parliament By Minister For Finance Minister For Local Government And Rural De - elopment & Ministry For Gender, Children And Social Protection On A Proposed SDR _3.1 Million Credit - Equivalent Of US _60.0 Million ) From The International Development Association (IDA) Of The World Ba - nk Group To Finance The Proposed Ghana Productive Safety Net Project (GPSNP) |
||
| 942 | _cMOU | ||
| 999 |
_c2084 _d2084 |
||